000 00729nam a2200217 i 4500
001 113776
003 ES-MaACL
005 20230906190013.0
007 t|
008 061121s1968 sp r ||||1| spa d
100 1 _aPachman, Ludek (
_d1924-2003)
_988143
245 1 0 _aAperturas semi-abiertas
_b: teoría moderna del ajedrez /
_cLudik Pachman ; [traducción Rafael Pérez Delgado].
260 _aBarcelona :
_bMartínez Roca,
_c1968.
300 _a346 p. :
_bil ;
_c20 cm.
490 1 _aColección Escaques ;
_v12
650 0 4 _aAjedrez-
_xAperturas.
_99708
700 1 _aPérez Delgado, Rafael.
_990829
830 0 _aColección Escaques ;
_v12
_9183705
852 _aES-MaACL
_jC-50495
_bR.66972
999 _c113776
_d113776